Normal view
MARC view
Entry Geographic Name
001 - CONTROL NUMBER
- control field: 251908
003 - CONTROL NUMBER IDENTIFIER
- control field:
005 - DATE AND TIME OF LATEST TRANSACTION
- control field: 20210601205238.0
008 - FIXED-LENGTH DATA ELEMENTS
- fixed length control field: 210601|| aca||aabn | a|a d
040 ## - CATALOGING SOURCE
- Original cataloging agency:
- Transcribing agency:
151 ## - HEADING--GEOGRAPHIC NAME
- Geographic name: Scotland
- General subdivision: Kings and rulers
670 ## - SOURCE DATA FOUND
- Source citation: Work cat.: (): Anderson, Marjorie O. (Marjorie Ogilvie) 251906, Kings and kingship in early Scotland /, c1973
